00396nam a2200109Ia 4500008004100000020002200041100001800063245001200081942004900093999001900142952012500161220601s9999 xx 000 0 und d a978-0-4311-5466-4 aPrinja, Raman 4aThe sun cBKw561xJohn Tresiddery561zJohn Tresidder c664659d664658 00104070aMHLUZLbMHLUZLd2022-06-01g200.00l0oJ 523.7 PRINp33228021240187r2022-06-01w2022-06-01yBKz0.940098114